[Event "TCh-SCG Women"]
[Site "Budva SCG"]
[Date "2004.09.08"]
[Round "1"]
[White "Boskovic,Mal"]
[Black "Benderac,A"]
[Result "0-1"]
[WhiteElo "2075"]
[BlackElo "2299"]

1.e4 c5 2.Nc3 Nc6 3.Bb5 Nd4 4.Bc4 e6 5.Nf3 a6 6.Nxd4 cxd4 7.Ne2 Nf6 8.d3 d5
9.exd5 e5 10.O-O b5 11.Bb3 Bb7 12.f4 Bd6 13.Qe1 O-O 14.Qf2 Rc8 15.h3 Bxd5
16.fxe5 Bxe5 17.Bxd5 Nxd5 18.Nxd4 Nb4 19.c3 Nxd3 20.Qe3 Bxd4 21.cxd4 Nb4
22.Qg3 Nc2 23.Rb1 Nxd4 24.Kh1 Ne2 25.Qg4 Nxc1 26.Rbxc1 Rxc1 27.Rxc1 Qf6 28.Qb4 g6
29.Rd1 Rc8 30.b3 Kg7 31.a4 bxa4 32.bxa4 Rc2 33.Qe4 Rf2 34.Qd4 h5 35.Qxf6+ Rxf6
36.Rd4 Kf8 37.Kh2 Ke7 38.Kg3 Ke6 39.Kh2 Ke5 40.Rb4 Rf4 41.Rb7 f6  0-1

[Event "zt2.3.c2"]
[Site "San Jose CRC"]
[Date "2004.09.08"]
[Round "5"]
[White "Ramirez,Al"]
[Black "Gonzalez,Be CRC"]
[Result "1-0"]
[WhiteElo "2516"]
[BlackElo "2420"]

1.e4 c5 2.Nc3 Nc6 3.Bb5 Nd4 4.Bc4 g6 5.Nf3 Bg7 6.Nxd4 cxd4 7.Qf3 e6 8.Nb5 d6
9.Qa3 Ke7 10.c3 d3 11.Bxd3 Qb6 12.Qb3 Bd7 13.O-O Bc6 14.Re1 Nf6 15.Nd4 Nd7
16.Nxc6+ bxc6 17.Bf1 c5 18.Qc2 Rhb8 19.d3 a5 20.Rb1 a4 21.Be3 Kf8 22.Red1 Ne5
23.Qd2 Ng4 24.Bf4 e5 25.Bg5 h6 26.Bh4 g5 27.Bg3 Nf6 28.f3 Nh5 29.Bf2 Nf4
30.g3 Ne6 31.Bh3 Ra7 32.Be3 Kg8 33.Bf5 Qd8 34.Kh1 Rab7 35.Qc2 Rb5 36.Rd2 d5
37.c4 d4 38.cxb5 dxe3 39.Bxe6 exd2 40.Bc4 g4 41.Qxd2 gxf3 42.Rf1 Qg5 43.Qxg5 hxg5
44.Rxf3 Rb7 45.Rf5 g4 46.Rg5 Kh7 47.Kg2 Bf6 48.Rxg4 Rb8 49.Kf3 Rb6 50.Ke2 Rb8
51.a3 Kh6 52.Kd1 Bg5 53.Kc2 f6 54.b3 Kh5 55.h3  1-0

[Event "TCh-CRO"]
[Site "Rabac CRO"]
[Date "2004.09.09"]
[Round "5"]
[White "Biti,O"]
[Black "Vitic,I"]
[Result "1/2-1/2"]
[WhiteElo "2352"]
[BlackElo "2332"]

1.e4 c5 2.Nc3 Nc6 3.Bb5 g6 4.Bxc6 dxc6 5.d3 e5 6.Be3 Nf6 7.h3 Qe7 8.Nge2 Bg7
9.Qd2 Be6 10.b3 O-O-O 11.Bh6 Ne8 12.O-O f5 13.Bxg7 Nxg7 14.f4 fxe4 15.Nxe4 Bd5
16.N2c3 Rhf8 17.Rae1 exf4 18.Rxf4 Ne6 19.Rxf8 Rxf8 20.Nf2 Qd6 21.Nce4 Bxe4
22.Nxe4 Qd4+ 23.Qe3 Qxe3+ 24.Rxe3 Kd7  1/2-1/2

[Event "8th WUCC"]
[Site "Instanbul TUR"]
[Date "2004.09.10"]
[Round "7"]
[White "Sebe Vodislav,F"]
[Black "Mohajerin,P"]
[Result "1/2-1/2"]
[WhiteElo "2298"]
[BlackElo "2251"]

1.e4 c5 2.Nf3 Nc6 3.Nc3 e5 4.Bc4 Be7 5.d3 Nf6 6.Ng5 O-O 7.f4 exf4 8.Bxf4 d6
9.O-O Nd4 10.Nf3 Bg4 11.Qd2 Nxf3+ 12.gxf3 Be6 13.Qg2 Kh8 14.Bd5 Bxd5 15.exd5 b5
16.Nxb5 Nxd5 17.Bd2 Bf6 18.f4 Ne7 19.Bc3 Nf5 20.Qe4 g6 21.b3 Bxc3 22.Nxc3 Re8
23.Qf3 Qh4 24.Rf2 Qf6 25.d4 Nxd4 26.Qd3 Re6 27.Raf1 Rae8 28.Nd5 Qh4 29.Kg2 Qg4+
30.Qg3 Qh5 31.Qg5 Qxg5+ 32.fxg5 Re5 33.Nc7 Rxg5+ 34.Kh1 Re2 35.Rxe2 Nxe2
36.h4 Ng3+ 37.Kg2 Nxf1+ 38.hxg5 Ne3+ 39.Kf3 Nxc2 40.Ke4 Kg7 41.Ne8+ Kf8 42.Nxd6 Nd4
43.Ke5 Nc6+ 44.Kf6 Nb4 45.Nxf7 Nxa2 46.Ne5 Nc3 47.Nd7+ Kg8 48.Nxc5 Ne2 49.Ke7 Nf4
50.Nd7 Kg7 51.Nf6 h5 52.gxh6+ Kxh6 53.Kd6 g5 54.Ne4 g4 55.Ke5 Ne2 56.b4 Kg6
57.b5 Kf7 58.Kd6 Ke8  1/2-1/2

[Event "TCh-SCG 2nd Liga"]
[Site "Sutomore SCG"]
[Date "2004.09.10"]
[Round "1"]
[White "Kontic,D"]
[Black "Parligras,M"]
[Result "1/2-1/2"]
[WhiteElo "2303"]
[BlackElo "2564"]

1.e4 c5 2.Nc3 Nc6 3.Nge2 d6 4.d4 cxd4 5.Nxd4 Nf6 6.Bc4 e6 7.Be3 a6 8.Qe2 Qc7
9.Bb3 Na5 10.O-O-O b5 11.f3 b4 12.Na4 Nxb3+ 13.axb3 Bd7 14.g4 h6 15.h4 g6
16.Qd2 Qa5 17.Kb1 Rc8 18.Nb6 Qxb6 19.Nxe6 Qc6 20.Nxf8 Rxf8 21.Bxh6 Rg8 22.Rh2 Be6
23.Qf4 Nd7 24.Rxd6 Qc5 25.Rhd2 a5 26.Bg5 Rf8 27.e5 Qb5 28.Qe3 a4 29.bxa4 Qxa4
30.b3 Qb5 31.Qa7 Rg8 32.Bf6 Qf1+  1/2-1/2

[Event "TCh-SCG 2nd Liga"]
[Site "Sutomore SCG"]
[Date "2004.09.10"]
[Round "1"]
[White "Dujkovic,S"]
[Black "Rabrenovic,M"]
[Result "1/2-1/2"]
[WhiteElo "2395"]
[BlackElo "2300"]

1.e4 c5 2.Nc3 Nc6 3.Bb5 Na5 4.Nf3 a6 5.Be2 b5 6.d4 cxd4 7.Nxd4 Bb7 8.O-O e6
9.Re1 Qb8 10.Bf3 Bd6 11.g3 Nf6 12.Bg2 Nc4 13.b3 Bb4 14.Nde2 Ne5 15.Bb2 Bc5
16.Rf1 h5 17.Nf4 h4 18.Qe2 hxg3 19.hxg3 Nfg4 20.Nd1 Nh2 21.Re1 g5 22.Nd3 Nef3+
23.Bxf3 Qxg3+ 24.Bg2 g4 25.Bxh8 Nf3+ 26.Kf1 Nh2+ 27.Kg1 Nf3+  1/2-1/2

[Event "TCh-SCG Men"]
[Site "Budva SCG"]
[Date "2004.09.11"]
[Round "4"]
[White "Brenjo,S"]
[Black "Perunovic,Mil"]
[Result "0-1"]
[WhiteElo "2468"]
[BlackElo "2555"]

1.e4 c5 2.Nf3 Nc6 3.Nc3 d6 4.d4 cxd4 5.Nxd4 Nf6 6.Bc4 Qb6 7.Ndb5 a6 8.Be3 Qa5
9.Nd4 e6 10.O-O Qc7 11.Bb3 Na5 12.f4 b5 13.f5 e5 14.Ne6 fxe6 15.fxe6 Bb7
16.Rxf6 gxf6 17.Qh5+ Kd8 18.Nd5 Bxd5 19.Bxd5 Rb8 20.a4 bxa4 21.Qe2 Rxb2 22.Qxa6 Ke7
23.Qe2 Rg8 24.g3 Qc3 25.Rxa4 Bh6 26.Bf2 Qd2 27.Qxd2 Bxd2  0-1

[Event "TCh-CRO"]
[Site "Rabac CRO"]
[Date "2004.09.12"]
[Round "8"]
[White "Rogulj,B"]
[Black "Bilobrk,F"]
[Result "0-1"]
[WhiteElo "2387"]
[BlackElo "2328"]

1.e4 c5 2.Nc3 Nc6 3.Bb5 e6 4.Nf3 Nge7 5.O-O a6 6.Bxc6 Nxc6 7.d4 cxd4 8.Nxd4 Qc7
9.Re1 Nxd4 10.Qxd4 f6 11.a4 b6 12.Be3 Bc5 13.Qd2 Bd6 14.f4 Bb7 15.Rad1 Bc5
16.e5 f5 17.Bxc5 Qxc5+ 18.Qf2 Rc8 19.Rd4 b5 20.axb5 axb5 21.Red1 Rc7 22.Na2 g5
23.Nb4 gxf4 24.Qxf4 Rg8 25.g3 Rg4 26.Qe3 h5 27.c3 h4 28.Kf2 hxg3+ 29.hxg3 Re4
30.Rxe4 Bxe4 31.Na6 Qxe3+ 32.Kxe3 Rc8 33.g4 Bb7 34.Nb4 fxg4 35.Kf4 Bf3 36.Rd4 Ke7
37.Nd3 Be2 38.Nb4 Rf8+ 39.Kg3 Rf3+ 40.Kg2 Rf5 41.Rd2 Rxe5 42.Kg3 Bf3 43.Nc2 Rg5
44.Rd4 e5 45.Rb4 Rh5 46.Ne3 Rh3+ 47.Kf2 Ke6 48.Rxb5 Bc6 49.Rb4 g3+ 50.Ke2 Rh2+
51.Kf1 Bf3 52.Rb6+ Kf7  0-1

[Event "TCh-SCG Men"]
[Site "Budva SCG"]
[Date "2004.09.13"]
[Round "6"]
[White "Kalezic,B"]
[Black "Nikac,P"]
[Result "1-0"]
[WhiteElo "2446"]
[BlackElo "2352"]

1.e4 c5 2.Nf3 Nc6 3.Nc3 d6 4.d4 cxd4 5.Nxd4 e5 6.Nb3 Nf6 7.f3 Be7 8.Be3 O-O
9.Qd2 a5 10.Bb5 Be6 11.Rd1 Qc7 12.a3 Nd7 13.Be2 a4 14.Nb5 Qb8 15.Nc1 Rd8
16.Nc3 Nc5 17.N1a2 Qc7 18.Nb5 Qb6 19.Nb4 Ra5 20.c4 Raa8 21.O-O Qa5 22.Kh1 Nb3
23.Qc3 Rac8 24.Nd5 Bxd5 25.Rxd5 Qxc3 26.Nxc3 Ncd4 27.Bd3 Nc5 28.Rd1 Nxd3
29.Rxd3 Ne6 30.Nxa4 Rxc4 31.Nb6 Rc6 32.Rd1 g6 33.g3 f5 34.exf5 gxf5 35.f4 exf4
36.gxf4 Nxf4 37.Rxf5 Rf8 38.Rg1+ Ng6 39.Nd5 Bd8 40.Rh5 Rc2 41.Bd4 Rd2 42.Bc3 Rdf2
43.Ne3 Bf6 44.Bxf6 R2xf6 45.Rd5 Rc8 46.Ng4 Re6 47.Nh6+ Kf8 48.Rf1+ Ke8 49.Nf5 Kd7
50.Rfd1 Rc2 51.Nd4 Rxb2 52.Nxe6 Kxe6 53.Rxd6+ Ke5 54.Rd7 h5 55.R7d5+ Ke4
56.Rxh5 Nf4 57.Rh4 Ke3 58.Rf1 Nd3 59.Rh3+ Ke2 60.Kg1 Rb3 61.Rh7 b5 62.Re7+ Kd2
63.Rb7 Nc5 64.Rb6 Ke3 65.h4 Rxa3 66.Rxb5 Nd3 67.Rg5 Ra4 68.Rg3+ Ke2 69.Rg2+ Ke3
70.Rd1 Nf4 71.Re1+ Kf3 72.Rf1+ Ke4 73.Rg4 Kf5 74.Rg5+ Ke4 75.Kh1 Rd4 76.h5 Ke3
77.Re5+ Kd2 78.Rf2+ Kd1 79.h6 Nd3 80.Rf1+ Kd2 81.Rh5 Ke2 82.Rf8 Nf2+ 83.Rxf2+  1-0

[Event "TCh-SCG 2nd Liga"]
[Site "Sutomore SCG"]
[Date "2004.09.14"]
[Round "7"]
[White "Kontic,D"]
[Black "Todorovic,J"]
[Result "1-0"]
[WhiteElo "2303"]
[BlackElo "2415"]

1.e4 c5 2.Nc3 Nc6 3.Nf3 d6 4.d4 cxd4 5.Nxd4 Nf6 6.Bc4 e6 7.Be3 a6 8.Qe2 Qc7
9.O-O-O Na5 10.Bb3 b5 11.f3 Nxb3+ 12.axb3 b4 13.Na4 Nd7 14.Qe1 Bb7 15.Kb1 Rc8
16.Rd2 Be7 17.g4 Nc5 18.h4 Nxa4 19.bxa4 d5 20.e5 Qxe5 21.Re2 O-O 22.g5 Qc7
23.h5 Qd7 24.Qg3 f6 25.g6 h6 26.Bxh6 gxh6 27.Qf4 Bd6 28.Qxh6 Qg7 29.Qd2 Be5
30.Nxe6 Qd7 31.h6 Qxe6 32.h7+ Kh8 33.g7+ Kxg7 34.Rg2+ Kf7 35.f4 Bxb2 36.Re2 Qc6
37.Qxb4 Qc5 38.Qxb7+ Rc7 39.Qxb2 Rc6 40.Rh6  1-0

[Event "2nd Saipa Cup"]
[Site "Tehran IRI"]
[Date "2004.09.14"]
[Round "2"]
[White "Iuldachev,S"]
[Black "Mallahi,A"]
[Result "0-1"]
[WhiteElo "2550"]
[BlackElo "2387"]

1.e4 c5 2.Nc3 Nc6 3.Bb5 Nd4 4.Bc4 e6 5.Nf3 Nf6 6.O-O a6 7.d3 d5 8.exd5 b5
9.Bb3 Nxb3 10.axb3 b4 11.Na4 Nxd5 12.Ng5 Bb7 13.Re1 Nf6 14.Qe2 Be7 15.Ne4 Nxe4
16.dxe4 O-O 17.Bf4 Bc6 18.Red1 Qa5 19.Be3 Bb5 20.Qg4 Qc7 21.Qg3 Rfc8 22.Qxc7 Rxc7
23.Nb6 Rd8 24.Rxd8+ Bxd8 25.Rd1 Be7 26.Bf4 Rc6 27.Nc4 g5 28.Be3 Kf8 29.Rd7 Rc8
30.Ra7 Rd8 31.Nd2 Rd7 32.Ra8+ Kg7 33.f4 gxf4 34.Bxf4 Bf6 35.e5 Be7 36.Kf2 Bd8
37.Nc4 Bc7 38.g3 Rd1 39.Ra7 Rd7 40.Be3 Kg6 41.g4 f6 42.Bxc5 fxe5 43.Be3 Rf7+
44.Ke1 e4 45.h3 Bg3+ 46.Kd2 Rf1 47.Re7 e5 48.Re6+ Kf7 49.Rh6 Kg7 50.Rb6 Bf4
51.Ke2 Rh1 52.Bc5 Rh2+ 53.Kd1 Bxc4 54.bxc4 e3 55.Rb7+ Kg6 56.Rb6+ Kf7 57.Rb7+ Ke8
58.Bxe3 Bxe3 59.Rxb4 Rd2+ 60.Kc1 a5 61.Rb5 Rd5+ 62.Kb1 Rxb5 63.cxb5 Kd7 64.b3 Kd6
65.c4 Kc5 66.Kc2 e4 67.h4 h6 68.Kd1 Kd6 69.Ke2 Bc5 70.Kf1 Ke5 71.Kg2 Kf4
72.g5 hxg5 73.h5 Kf5  0-1

[Event "TCh-SCG Men"]
[Site "Budva SCG"]
[Date "2004.09.15"]
[Round "7"]
[White "Solak,D"]
[Black "Nikac,P"]
[Result "1-0"]
[WhiteElo "2563"]
[BlackElo "2352"]

1.e4 c5 2.Nc3 Nc6 3.Bb5 Nd4 4.Bc4 g6 5.Nf3 Bg7 6.Nxd4 cxd4 7.Qf3 Nf6 8.Nb5 O-O
9.Nxd4 Ng4 10.Ne6 fxe6 11.Qxg4 b5 12.Bb3 a5 13.c3 a4 14.Bc2 b4 15.O-O Ba6
16.Re1 Qc7 17.Bxa4 Bd3 18.Bd1 Be5 19.Qh3 Qc5 20.Qe3 Qd6 21.g3 Rf7 22.Be2 bxc3
23.bxc3 Bxe2 24.Qxe2 Raf8 25.d4 Rxf2 26.Qxf2 Rxf2 27.dxe5 Qxe5 28.Kxf2 Qxc3
29.Bf4 e5 30.Bh6 Qa3 31.Re2 Kf7 32.Kg2 Ke6 33.Rf1 d6 34.Rf3 Qa6 35.Rfe3 Kd7
36.Rf2 Qc4 37.h3 Ke6 38.g4 Kd7 39.Kg3 Ke6 40.Kh4 Kd7 41.Kg5 Qc1 42.Rf3 Qc4
43.a3 Qg8 44.Bf8 h5 45.gxh5 gxh5+ 46.Kxh5 Kc6 47.Bh6 Qh7 48.h4 Kc5 49.Rf2 Kd4
50.a4 e6 51.a5 Qb7 52.Kg6 Qa8 53.Re1 Qxa5 54.Rd2+ Kc3 55.Rxd6 Qa2 56.h5 Kb4
57.Rd8 Kb5 58.Bg5 Qf2 59.Rb1+ Kc6 60.Rc1+ Kb7 61.Rd2  1-0

[Event "2nd Saipa Cup"]
[Site "Tehran IRI"]
[Date "2004.09.15"]
[Round "4"]
[White "Ulibin,M"]
[Black "Agamaliev,G"]
[Result "1-0"]
[WhiteElo "2586"]
[BlackElo "2515"]

1.e4 c5 2.Nf3 Nc6 3.Nc3 g6 4.d4 cxd4 5.Nxd4 Bg7 6.Be3 Nf6 7.Nxc6 bxc6 8.e5 Nd5
9.Nxd5 cxd5 10.Qxd5 Rb8 11.Bxa7 Rxb2 12.Bd4 Rxc2 13.Bd3 Rc6 14.O-O Ba6 15.Bxa6 Rxa6
16.Qb5 Ra5 17.Qb4 Rd5 18.f4 O-O 19.Bb6 Qa8 20.a4 d6 21.exd6 Bxa1 22.dxe7 Re8
23.Rxa1 Qb7 24.Re1 Rd7 25.Bc5 Qxb4 26.Bxb4 f5 27.Re6 Rb7 28.Bc5 Rb1+ 29.Kf2 Rc1
30.Bb4 Rb1 31.Bc5 Kf7 32.Re3 Rd1 33.Ba3 Rd7 34.h3 Rd4 35.Kf3 Rxa4 36.g4 Rc8
37.Bb2 Rb4 38.Bc3 Rbc4 39.Bb2 Ke8 40.Bf6 R8c6 41.g5 Rc8 42.Rd3 Kf7 43.Rd8  1-0

[Event "TCh-SCG Men"]
[Site "Budva SCG"]
[Date "2004.09.17"]
[Round "9"]
[White "Kostic,Vl"]
[Black "Markovic,Iv SCG"]
[Result "1/2-1/2"]
[WhiteElo "2390"]
[BlackElo "2485"]

1.e4 c5 2.Nf3 Nc6 3.Nc3 g6 4.Bb5 Bg7 5.O-O Nd4 6.Re1 Nxb5 7.Nxb5 d6 8.e5 a6
9.Nc3 dxe5 10.Nxe5 Nh6 11.d3  1/2-1/2

[Event "TCh-SCG Men"]
[Site "Budva SCG"]
[Date "2004.09.18"]
[Round "10"]
[White "Zlatic,M"]
[Black "Savic,Miod1"]
[Result "1/2-1/2"]
[WhiteElo "2404"]
[BlackElo "2523"]

1.e4 c5 2.Nc3 Nc6 3.Bb5 Na5 4.Nf3 a6 5.Be2 d6 6.d4 cxd4 7.Nxd4 Nf6 8.O-O e6
9.f4 Qc7 10.Kh1 Be7 11.e5 dxe5 12.fxe5 Nd7 13.Bf4 O-O 14.Bd3 g6 15.Qe2 Nc5
16.Bh6 Rd8 17.Nf3 Nc6 18.Rae1 b6 19.Ng5 Nxe5 20.Qxe5 Qxe5 21.Rxe5 f6 22.Re3 fxg5
23.Ref3 Bb7 24.Rf7 Bf8 25.Bxg5 Rd7 26.Rxd7 Nxd7 27.Be4 Bxe4 28.Nxe4 Bg7 29.Rd1 Ne5
30.Bf4 Nf7 31.c3 b5 32.Rd7 a5 33.Kg1 b4 34.Kf1 bxc3 35.bxc3 e5 36.Be3 Bf8
37.c4 Rd8 38.Ra7 Rd3 39.Ke2 Ra3 40.Nf6+ Kg7  1/2-1/2

[Event "Georgiev-Kesarovski Mem"]
[Site "Sunny Beach BUL"]
[Date "2004.09.20"]
[Round "4"]
[White "Angelov,Z"]
[Black "Peev,P"]
[Result "0-1"]
[WhiteElo "2120"]
[BlackElo "2284"]

1.e4 c5 2.Nf3 Nc6 3.Nc3 d6 4.Bc4 Nf6 5.d4 cxd4 6.Nxd4 e6 7.Be3 Be7 8.g4 Nxd4
9.Bxd4 e5 10.Bb5+ Bd7 11.Bxd7+ Qxd7 12.Be3 Nxg4 13.Qf3 Nxe3 14.Qxe3 f5 15.O-O-O O-O
16.Rhg1 Qe6 17.f3 fxe4 18.fxe4 Bd8 19.Qg3 Qh6+ 20.Kb1 Bb6 21.Rg2 Rf7 22.Nd5 Qe6
23.a3 Rc8 24.Qb3 Bc5 25.Rd3 Kh8 26.Rdg3 Rcf8 27.Ka2 a6 28.h4 Qh6 29.Rh3 Qh5
30.Qc4 b5 31.Qd3 Rf3 32.Qe2 Qf7 33.Rhh2 Qd7 34.h5 a5 35.b3 a4 36.b4 Bd4 37.Rh1 Qc6
38.Ne7 Rxa3+ 39.Kxa3 Qc3+  0-1

[Event "Georgiev-Kesarovski Mem"]
[Site "Sunny Beach BUL"]
[Date "2004.09.20"]
[Round "4"]
[White "Nikolov,M"]
[Black "Grigorov,G"]
[Result "1/2-1/2"]
[WhiteElo "2390"]
[BlackElo "2295"]

1.e4 c5 2.Nc3 Nc6 3.Bb5 Nd4 4.Bc4 g6 5.Nf3 Bg7 6.Nxd4 cxd4 7.Qf3 Nh6 8.d3 Qa5
9.Bxh6 Bxh6 10.Qxf7+ Kd8 11.Qd5 Qxd5 12.Nxd5 e6 13.Nf6 Bg7 14.e5 Bxf6 15.exf6 Rf8
16.O-O Rxf6 17.Rae1 d5 18.Bb3 Kc7 19.c3 dxc3 20.bxc3 Kd6 21.f4 Bd7 22.Re5 Rc8
23.c4 Rxf4 24.Rxd5+ exd5 25.Rxf4 dxc4 26.dxc4 Be6 27.Kf2 Rc5 28.Ke3 Re5+
29.Kd4 b6 30.Rf8 Re2 31.Rd8+ Kc7 32.Ra8  1/2-1/2

[Event "ZAZ Cup"]
[Site "Zaporozhye UKR"]
[Date "2004.09.20"]
[Round "2"]
[White "Weetik,V"]
[Black "Teterev,V"]
[Result "0-1"]
[WhiteElo "2428"]
[BlackElo "2460"]

1.e4 c5 2.Nf3 Nc6 3.Nc3 e6 4.Bb5 Nge7 5.d4 cxd4 6.Nxd4 a6 7.Be2 Nxd4 8.Qxd4 Nc6
9.Qe3 Qc7 10.O-O Bd6 11.Kh1 b5 12.f4 O-O 13.e5 Be7 14.Qh3 d6 15.Bd3 g6 16.exd6 Bxd6
17.Ne4 Be7 18.Bd2 f5 19.Ng5 Bxg5 20.fxg5 e5 21.a4 Rb8 22.axb5 axb5 23.Qh6 Be6
24.Be3 Rf7 25.Bc5 e4 26.Be2 Qe5 27.b4 f4 28.Rfd1 Bd5 29.Bg4 f3 30.Qh4 fxg2+  0-1

[Event "Monarch Assurance"]
[Site "Port Erin IOM"]
[Date "2004.09.25"]
[Round "1"]
[White "Adams,P"]
[Black "De Lagontrie,J"]
[Result "1-0"]
[WhiteElo "2124"]
[BlackElo "1968"]

1.e4 c5 2.Nc3 Nc6 3.Nge2 Nf6 4.d4 cxd4 5.Nxd4 e5 6.Ndb5 d6 7.Bg5 a6 8.Na3 b5
9.Bxf6 gxf6 10.Nd5 f5 11.c3 Bg7 12.exf5 Bxf5 13.Nc2 O-O 14.Nce3 Be6 15.Bd3 f5
16.O-O Ra7 17.Qh5 Qd7 18.a4 e4 19.Bc2 b4 20.Rad1 bxc3 21.bxc3 Ne5 22.Nf4 Rc7
23.Ned5 Rc5 24.Bb3 Kh8 25.Nb6 Bxb3 26.Nxd7 Bxd1 27.Rxd1 Nxd7 28.Ng6+ Kg8
29.Ne7+ Kh8 30.Ng6+ Kg8 31.Nxf8 Bxf8 32.Qg5+ Kf7 33.Rb1 Nf6 34.h3 Ke6 35.Rb8 Be7
36.Rb7 Rxc3 37.Qg7 Rc1+ 38.Kh2 Nd5  1-0

[Event "79th ch-ARG"]
[Site "Buenos Aires ARG"]
[Date "2004.09.26"]
[Round "4"]
[White "Lanza,D"]
[Black "Tossutti,J"]
[Result "0-1"]
[WhiteElo "2079"]
[BlackElo "2165"]

1.e4 c5 2.Nc3 Nc6 3.Nf3 e6 4.g3 Nf6 5.Bg2 Be7 6.O-O O-O 7.d3 d5 8.h3 h6 9.a3 b6
10.Nd2 Bb7 11.f4 dxe4 12.dxe4 a6 13.e5 Nd7 14.Nde4 Qc7 15.Be3 Rad8 16.Qg4 Nd4
17.Rac1 Nf5 18.Rce1 b5 19.Qf3 b4 20.Ne2 bxa3 21.bxa3 Bd5 22.Bc1 Nd4 23.Qd3 Nb6
24.Nd2 Bxg2 25.Kxg2 Nf5 26.Qf3 c4 27.Nc3 Bxa3 28.Nde4 Bxc1 29.Rxc1 Nd5 30.Kh2 Nd4
31.Qf2 Nxc3 32.Nxc3 Nb5 33.Ne4 c3 34.Qf3 Rd4 35.Ra1 Qc4 36.Rfe1 Rfd8 37.f5 exf5
38.Qxf5 Rd2+ 39.Kh1 Qc6 40.Rf1 Re2 41.Rf4 Nd4 42.Qxf7+ Kh8 43.Rg4 Ne6 44.Qf3 Nd4
45.Qxc3 Qxc3 46.Nxc3 Rxc2 47.Rf4 Rxc3 48.Rd1 Rxg3 49.Rdxd4 Rxd4 50.Rxd4 Rxh3+
51.Kg2 Re3 52.Rd5 Kg8 53.Kf2 Rb3 54.Rd6 a5 55.e6 Kf8 56.Ra6 Rb5 57.Ra8+ Ke7
58.Ra7+ Kf6 59.e7 Re5 60.e8=Q Rxe8 61.Rxa5 g5 62.Ra6+ Re6 63.Ra8 Rb6 64.Rf8+ Kg6
65.Ra8 h5 66.Rg8+ Kf5 67.Rc8 Rb2+ 68.Kf3 g4+ 69.Kg3 Rb3+ 70.Kg2 Kg5 71.Rc5+ Kh4
72.Rc4 Rb2+ 73.Kg1 Kh3 74.Rc3+ g3  0-1

[Event "VIII Itau Cup"]
[Site "Sao Paulo BRA"]
[Date "2004.09.26"]
[Round "2"]
[White "Caldeira,A"]
[Black "Vallejos,J"]
[Result "1-0"]
[WhiteElo "2291"]
[BlackElo "2051"]

1.e4 c5 2.Nf3 Nc6 3.Nc3 d6 4.d4 cxd4 5.Nxd4 a6 6.Bc4 e6 7.Be3 Qc7 8.Bb3 Nf6
9.f4 Be7 10.O-O O-O 11.f5 e5 12.Nde2 b5 13.Ng3 Bb7 14.Nh5 Nd4 15.Nxf6+ Bxf6
16.Bd5 b4 17.Bxb7 bxc3 18.Bxa8 cxb2 19.Rb1 Nxc2 20.Bf2 Rxa8 21.Rxb2 Nd4 22.Qc1 Qa5
23.Qc4 Rd8 24.Rb7 d5 25.exd5 Qxd5 26.Qxd5 Rxd5 27.Rb8+ Bd8 28.f6 h5 29.fxg7 Ne2+
30.Kh1 Kxg7 31.Ra8 a5 32.Ra7 h4 33.Be3 Bf6 34.Bh6+ Kg6 35.Ra6 Nf4 36.Bxf4 exf4
37.h3 Kf5 38.Ra7 Kg6 39.Ra6 Re5 40.Rf3 Kg5 41.Ra3 Bd8 42.Rd3 Be7 43.Kg1 Rb5
44.Kf1 Rb1+ 45.Ke2 Bb4 46.a3 Rb2+ 47.Kd1 Rb1+ 48.Kc2 Rg1 49.axb4 Rxg2+ 50.Rd2 f3
51.Rxg2+ fxg2 52.Ra8 Kf4 53.Rg8 Kf3 54.bxa5  1-0

[Event "1st Central League"]
[Site "Vrnjacka Banja SCG"]
[Date "2004.09.26"]
[Round "3"]
[White "Solak,D"]
[Black "Radovanovic,D"]
[Result "1-0"]
[WhiteElo "2563"]
[BlackElo "2370"]

1.e4 c5 2.Nc3 Nc6 3.Bb5 Nd4 4.Bc4 g6 5.Nf3 Bg7 6.Nxd4 cxd4 7.Qf3 Nh6 8.Ne2 O-O
9.d3 Ng4 10.Bb3 d6 11.Qg3 Ne5 12.Nxd4 a5 13.a4 Nd7 14.Nf5 Nc5 15.Nh6+ Bxh6
16.Bxh6 Nxb3 17.cxb3 Re8 18.h4 Qb6 19.h5 Qxb3 20.hxg6 fxg6 21.O-O Qe6 22.Qe3 Qf7
23.f4 Ra6 24.Rf3 d5 25.Raf1 e6 26.Qd4 Rc6 27.Rg3 dxe4 28.dxe4 Qc7 29.Qf6 Qf7
30.Qe5 Qe7 31.Qxa5 Qc5+ 32.Qxc5 Rxc5 33.b3 Bd7 34.Rd3 Bc6 35.Rfd1 Rc2 36.R1d2 Rxd2
37.Rxd2 Bxe4 38.Rd7 Bc6 39.Rg7+ Kh8 40.Rc7 Kg8 41.a5 Bd5 42.b4 Ra8 43.Kf2 Re8
44.g3 Bh1 45.g4 Rd8 46.Ke3 Bg2 47.Rg7+ Kh8 48.Re7 Kg8 49.Kf2 Bd5 50.Kg3 Rc8
51.Kh4 Rc2 52.Kg5 Rc8 53.Kf6 Rd8 54.b5 Rc8 55.a6 bxa6 56.bxa6 Bc4 57.a7 Bd5
58.Rg7+ Kh8 59.Rd7 Bf3 60.g5 Kg8 61.Ke7  1-0

[Event "79th ch-ARG"]
[Site "Buenos Aires ARG"]
[Date "2004.09.27"]
[Round "5"]
[White "Lujan,C"]
[Black "Lemos,D"]
[Result "1/2-1/2"]
[WhiteElo "2318"]
[BlackElo "2230"]

1.e4 c5 2.Nc3 Nc6 3.Bb5 Nd4 4.Bc4 e6 5.Nf3 Ne7 6.O-O Nec6 7.Nxd4 cxd4 8.Ne2 Bc5
9.a3 a6 10.d3 O-O 11.Ng3 Ne7 12.Ba2 d5 13.Qh5 Bb6 14.exd5 Nxd5 15.Bxd5 Qxd5
16.Qxd5 exd5 17.b3 Bd7 18.Bb2 Rac8 19.Rac1 Rfe8 20.Rfd1 Bc7 21.Bxd4 Bxg3
22.hxg3 Re2 23.c4 dxc4 24.dxc4 Be6 25.Re1 Rxe1+ 26.Rxe1 b5 27.cxb5 axb5 28.Re5 Rb8
29.a4 b4 30.Re3 Rd8 31.Bc5 Rd1+ 32.Kh2 Rb1 33.Bxb4 Rxb3 34.Re4 Rb2 35.Bc5 Rc2
36.Rd4 h6 37.Rd8+ Kh7 38.Bb6 Rc8 39.Rd2 Rc4 40.a5 Bc8 41.Rd8 Kg6 42.Rd6+ f6
43.Rd1 Ba6 44.Rd7 Bb5 45.Ra7 Rc6 46.Bd8 Rd6 47.Bb6 Rd7 48.Rxd7 Bxd7 49.a6 Bc6
50.g4 f5 51.gxf5+ Kxf5 52.Kg3 g5 53.Bd4 Bb5 54.a7 Bc6 55.f3 h5 56.Bg7 Ba8
57.Kf2 g4 58.fxg4+ Kxg4 59.g3 h4  1/2-1/2

[Event "TCh-Vojvodina"]
[Site "Sombor SCG"]
[Date "2004.09.27"]
[Round "4"]
[White "Sedlak,N"]
[Black "Miranovic,R"]
[Result "1-0"]
[WhiteElo "2519"]
[BlackElo "2375"]

1.e4 c5 2.Ne2 Nc6 3.Nbc3 Nf6 4.g3 g6 5.Bg2 Bg7 6.O-O O-O 7.d3 d6 8.h3 Rb8
9.f4 Bd7 10.g4 b5 11.Ng3 Nd4 12.Nce2 Nxe2+ 13.Qxe2 Ne8 14.c3 b4 15.c4 Nc7
16.f5 e6 17.Bf4 Rb6 18.Qd2 Qh4 19.Kh2 h6 20.g5 Be5 21.fxg6 Bxf4 22.Rxf4 Qxg5
23.gxf7+ Kh7 24.h4  1-0

[Event "TCh-Vojvodina"]
[Site "Sombor SCG"]
[Date "2004.09.27"]
[Round "4"]
[White "Pezelj,N"]
[Black "Stojanovic,Da"]
[Result "1/2-1/2"]
[WhiteElo "2279"]
[BlackElo "2441"]

1.e4 c5 2.Nf3 Nc6 3.Nc3 e6 4.Bb5 Nge7 5.d3 a6 6.Bxc6 Nxc6 7.O-O Be7 8.Re1 O-O
9.Bf4 d6 10.Qd2 Nd4 11.Nxd4 cxd4 12.Ne2 e5 13.Bg3 Be6 14.c3 Qa5 15.Red1 dxc3
16.Nxc3 Qb6  1/2-1/2

[Event "Tatry Open"]
[Site "Tatranske Zruby SVK"]
[Date "2004.09.27"]
[Round "3"]
[White "Walek,M"]
[Black "Daels,M"]
[Result "1/2-1/2"]
[WhiteElo "2386"]
[BlackElo "2217"]

1.e4 c5 2.Nf3 Nc6 3.Nc3 Nf6 4.d4 cxd4 5.Nxd4 e5 6.Ndb5 d6 7.Bg5 a6 8.Na3 b5
9.Bxf6 gxf6 10.Nd5 f5 11.exf5 Bxf5 12.c3 Bg7 13.Nc2 O-O 14.Nce3 Bg6 15.h4 h6
16.h5 Bh7 17.g3 f5 18.Bg2 Kh8 19.Qd2 Ra7 20.Bf3 f4 21.gxf4 exf4 22.Ng4 Ne5
23.Nxe5 dxe5 24.O-O-O Rd7 25.Rhe1 Qa5 26.b4 Qd8 27.Qe2 Bg8 28.Qe4 Bh7 29.Qe2 Bg8
30.Qe4 Bh7  1/2-1/2

[Event "1st Central League"]
[Site "Vrnjacka Banja SCG"]
[Date "2004.09.27"]
[Round "4"]
[White "Smolovic,M"]
[Black "Rilak,S"]
[Result "1-0"]
[WhiteElo "2382"]
[BlackElo "2080"]

1.e4 c5 2.Nc3 Nc6 3.Bb5 a6 4.Bxc6 bxc6 5.d3 d6 6.f4 Nf6 7.Nf3 Bg4 8.O-O g6
9.Qe1 Bxf3 10.Rxf3 Bg7 11.b3 O-O 12.Bd2 Nd7 13.f5 e6 14.Rc1 Qe7 15.Qg3 Be5
16.Qh3 exf5 17.exf5 d5 18.Rcf1 f6 19.fxg6 hxg6 20.Na4 Rf7 21.Bf4 Raf8 22.Qg4 Bxf4
23.Qxf4 Qe5 24.Qh6 Rg7 25.c3 Re8 26.Qc1 Rh7 27.h3 g5 28.Nxc5 Nxc5 29.d4 Qe7
30.dxc5 Qxc5+ 31.Kh1 g4 32.Rg3 Rg7 33.Rxf6 d4 34.Rf4 dxc3 35.Rfxg4 Re7 36.Rxg7+ Rxg7
37.Qxc3 Qxc3 38.Rxc3 Rg6 39.Rc5  1-0

[Event "TCh-Vojvodina"]
[Site "Sombor SCG"]
[Date "2004.09.28"]
[Round "6"]
[White "Dragojlovic,A"]
[Black "Stojanovic,Da"]
[Result "1/2-1/2"]
[WhiteElo "2309"]
[BlackElo "2441"]

1.e4 c5 2.Nf3 Nc6 3.Nc3 g6 4.d4 cxd4 5.Nxd4 Bg7 6.Be3 Nf6 7.Nxc6 bxc6 8.e5 Ng8
9.f4 Nh6 10.Bc4 O-O 11.Qf3 d5 12.Be2 Qa5 13.O-O-O Nf5 14.g4 Nxe3 15.Qxe3 Rb8
16.h4 f6 17.h5 fxe5 18.fxe5 Qb6 19.Rd4 Bh6 20.Qxh6 Qxd4 21.hxg6 Qf4+ 22.Qxf4 Rxf4
23.Rxh7 Bxg4 24.Rxe7 Bxe2 25.Nxe2 Rg4 26.Rxa7 Re8 27.b3 Rxe5 28.Nc3 d4 29.Nb1 Rg2
30.Rd7 c5 31.a4 Rxg6 32.Na3 Kf8 33.a5 Ke8  1/2-1/2

[Event "1st Central League"]
[Site "Vrnjacka Banja SCG"]
[Date "2004.09.28"]
[Round "5"]
[White "Marinkovic,I"]
[Black "Adzic,M"]
[Result "1-0"]
[WhiteElo "2447"]
[BlackElo "2231"]

1.e4 c5 2.Nf3 Nc6 3.Nc3 g6 4.d4 cxd4 5.Nxd4 Bg7 6.Nde2 Nf6 7.g3 d6 8.Bg2 O-O
9.O-O Bd7 10.h3 Rb8 11.a4 a6 12.Nd5 b5 13.axb5 axb5 14.Be3 Ne5 15.b3 Nc6
16.Qd2 Rb7 17.Ra2 Qb8 18.Bg5 Rc8 19.Rd1 Be8 20.Nxf6+ Bxf6 21.Bxf6 exf6 22.Nf4 Ne7
23.Qd4 Nc6 24.Qxf6 Nb4 25.Rb2 Rbc7 26.h4 Rxc2 27.Rxc2 Rxc2 28.h5 gxh5 29.Nxh5 Kf8
30.e5 dxe5 31.Rd8  1-0

[Event "Premier League"]
[Site "Belgrade SCG"]
[Date "2004.09.29"]
[Round "5"]
[White "Popovic,Al"]
[Black "Milanovic,Da"]
[Result "0-1"]
[WhiteElo "2045"]
[BlackElo "2428"]

1.e4 c5 2.Nf3 Nc6 3.Nc3 e6 4.g3 Nf6 5.Bg2 a6 6.O-O d6 7.d4 cxd4 8.Nxd4 Qc7
9.Nce2 Be7 10.Rb1 O-O 11.b4 Ne5 12.b5 Nc4 13.Nc3 Bd7 14.Kh1 Qa5 15.Rb3 Rac8
16.a4 Rfd8 17.f4 Qc7 18.Nb1 Be8 19.g4 d5 20.e5 Ne4 21.Rh3 Bc5 22.c3 Qe7 23.f5 exf5
24.gxf5 Qxe5 25.Qh5 Nf6 26.Qh4 Nd6 27.Nd2 Bxd4 28.cxd4 Qe2 29.Bf3 Qxf1+ 30.Nxf1 Rxc1
31.Bg2 h6 32.Rg3 Nxf5 33.Qf4 Nxg3+ 34.hxg3 Rdc8 35.Kh2 Bd7 36.Ne3 Be6 37.bxa6 bxa6
38.Qd6 R8c3 39.Qb8+ Kh7 40.Qb2 Ng4+ 41.Nxg4 Bxg4 42.Qb7 f5 43.Qxa6 R3c2 44.Qe6 Re2
45.Qxd5 Rcc2 46.a5 Rxg2+ 47.Qxg2 Rxg2+ 48.Kxg2 Be2 49.d5 Kg6 50.Kf2 Bc4 51.d6 Kf6
52.Ke3 Ke6 53.Kd4 Bf1 54.Kc5 Bg2  0-1